000 00527nmm a2200169Ia 4500
008 251105s9999||||xx |||||||||||||||||und||
020 _a9788499678955
041 _aspa
100 _aHuguet Santos, Montserrat
245 0 _aBreve historia de la Guerra de la Independencia de los Estados Unidos
264 _a[Madrid, España] :
_bEdiciones Nowtilus,
_c2017
300 _a336 páginas
490 _aBreve historia
650 _aHistory (General)
856 _uhttps://public.digitaliapublishing.com/a/171840
942 _cCF
999 _c93196
_d93196